[Event "Campionat de Catalunya 2021 Sub16-20"]
[Site "Salou, Spain"]
[Date "2021.03.27"]
[Round "1.1"]
[White "Masague Artero, Guerau"]
[Black "Marabajan Navas, Saul"]
[Result "1-0"]
[WhiteTitle "FM"]
[WhiteFideId "32098952"]
[BlackFideId "54500400"]
[WhiteElo "2273"]
[BlackElo "1769"]

1. Nf3 {[%clk 01:30:54]} {[%emt 00:00:04]} Nf6 {[%clk 01:30:50]} {[%emt
00:00:12]} 2. g3 {[%clk 01:31:03]} {[%emt 00:00:20]} g6 {[%clk 01:30:43]}
{[%emt 00:00:37]} 3. Bg2 {[%clk 01:31:27]} {[%emt 00:00:06]} Bg7 {[%clk
01:31:06]} {[%emt 00:00:08]} 4. O-O {[%clk 01:31:49]} {[%emt 00:00:06]} O-O
{[%clk 01:31:32]} {[%emt 00:00:06]} 5. c4 {[%clk 01:32:04]} {[%emt 00:00:15]}
d6 {[%clk 01:30:05]} {[%emt 00:01:56]} 6. Nc3 {[%clk 01:32:28]} {[%emt
00:00:06]} c5 {[%clk 01:30:20]} {[%emt 00:00:16]} 7. d4 {[%emt 00:00:26]} e6
{[%emt 00:04:18]} 8. dxc5 {[%clk 01:29:26]} {[%emt 00:00:31]} dxc5 {[%clk
01:29:55]} {[%emt 00:00:11]} 9. Bf4 {[%emt 00:06:07]} Na6 {[%emt 00:03:09]} 10.
Qb3 {[%emt 00:01:22]} Nd7 {[%clk 01:19:52]} {[%emt 00:03:46]} 11. Rfd1 {[%clk
01:26:44]} {[%emt 00:00:50]} Qb6 {[%emt 00:02:43]} 12. Rd6 {[%emt 00:02:59]}
Qxb3 {[%clk 01:17:17]} {[%emt 00:01:30]} 13. axb3 {[%emt 00:00:13]} e5 {[%emt
00:04:45]} 14. Nxe5 {[%emt 00:04:22]} Nxe5 {[%emt 00:01:36]} 15. Raxa6 {[%emt
00:09:28]} Nc6 {[%emt 00:11:45]} 16. Ra3 {[%emt 00:13:16]} Bf5 {[%emt
00:11:10]} 17. Be3 {[%emt 00:08:36]} Nd4 {[%emt 00:00:56]} 18. Bxd4 {[%emt
00:04:03]} cxd4 {[%emt 00:01:10]} 19. Nb5 {[%clk 00:52:40]} {[%emt 00:00:11]}
Rae8 {[%emt 00:09:23]} 20. Kf1 {[%emt 00:10:03]} d3 {[%emt 00:02:31]} 21. exd3
{[%emt 00:04:18]} a6 {[%emt 00:04:35]} 22. Nc3 {[%clk 00:38:46]} {[%emt
00:01:16]} Rd8 {[%clk 00:28:02]} {[%emt 00:00:30]} 23. Rxd8 {[%clk 00:36:15]}
{[%emt 00:03:00]} Rxd8 {[%clk 00:28:32]} {[%emt 00:00:01]} 24. Bxb7 {[%emt
00:01:24]} Rxd3 {[%emt 00:04:16]} 25. Rxa6 {[%emt 00:04:18]} Rd2 {[%emt
00:02:13]} 26. Ra8+ {[%clk 00:31:15]} {[%emt 00:01:48]} Bf8 {[%emt 00:17:31]}
27. Be4 {[%emt 00:01:01]} Bh3+ {[%emt 00:06:32]} 28. Ke1 {[%clk 00:10:44]}
{[%emt 00:00:41]} Rxb2 {[%clk 00:17:16]} {[%emt 00:02:03]} 29. Rb8 {[%emt
00:02:43]} Kg7 {[%clk 00:14:54]} {[%emt 00:00:14]} 30. Bd5 {[%emt 00:07:58]}
Rc2 {[%clk 00:07:20]} {[%emt 00:03:48]} 31. Ne4 {[%emt 00:02:11]} Be7 {[%clk
00:04:54]} {[%emt 00:01:29]} 32. Rb7 {[%emt 00:02:11]} Kf8 {[%clk 00:04:59]}
{[%emt 00:00:19]} 33. Bxf7 {[%clk 00:04:16]} {[%emt 00:02:22]} Bg4 {[%clk
00:03:59]} {[%emt 00:01:30]} 34. Bd5 {[%emt 00:01:19]} Rb2 {[%clk 00:01:23]}
{[%emt 00:01:54]} 35. h4 {[%emt 00:01:07]} h6 {[%emt 00:02:40]} 36. Kf1 {[%clk
00:01:08]} {[%emt 00:01:53]} Bf3 {[%clk 00:00:35]} {[%emt 00:00:39]} 37. Nc3
{[%clk 00:01:32]} {[%emt 00:00:06]} Bg4 {[%clk 00:00:33]} {[%emt 00:00:32]} 38.
Kg2 {[%clk 00:01:56]} {[%emt 00:00:05]} Bf5 {[%emt 00:01:13]} 39. Be4 {[%clk
00:01:03]} {[%emt 00:00:34]} Bc5 {[%clk 00:00:39]} {[%emt 00:00:32]} 40. Bxf5
{[%clk 00:01:31]} {[%emt 00:00:01]} Rxf2+ {[%clk 00:00:51]} {[%emt 00:00:18]}
41. Kh3 {[%clk 00:01:48]} {[%emt 00:00:12]} Rxf5 {[%clk 00:01:13]} {[%emt
00:00:09]} 42. b4 {[%emt 00:00:55]} Bd6 {[%emt 00:00:29]} 43. c5 {[%emt
00:00:54]} Bxc5 {[%clk 00:00:32]} {[%emt 00:00:31]} 44. bxc5 {[%clk 00:02:01]}
{[%emt 00:00:09]} Rxc5 {[%clk 00:01:01]} {[%emt 00:00:02]} 45. Ne2 {[%clk
00:02:11]} {[%emt 00:00:19]} g5 {[%clk 00:00:51]} {[%emt 00:00:41]} 46. h5
{[%clk 00:02:36]} {[%emt 00:00:04]} Rc4 {[%clk 00:00:51]} {[%emt 00:00:31]} 47.
Rh7 {[%clk 00:03:02]} {[%emt 00:00:04]} Rc6 {[%clk 00:01:18]} {[%emt 00:00:03]}
48. Nd4 {[%clk 00:03:31]} Ra6 {[%clk 00:01:23]} {[%emt 00:00:25]} 49. Nf5
{[%emt 00:00:21]} Ra5 {[%clk 00:00:45]} {[%emt 00:00:54]} 50. Nxh6 {[%clk
00:04:21]} {[%emt 00:00:03]} Ra4 {[%clk 00:01:02]} {[%emt 00:00:13]} 51. Ng4
{[%emt 00:00:09]} Kg8 {[%clk 00:01:04]} {[%emt 00:00:25]} 52. Rb7 {[%clk
00:05:14]} {[%emt 00:00:02]} Ra5 {[%emt 00:00:37]} 53. Kg2 {[%clk 00:05:37]}
{[%emt 00:00:03]} Ra2+ {[%clk 00:00:48]} {[%emt 00:00:43]} 54. Kf3 {[%clk
00:06:05]} Ra3+ {[%clk 00:01:12]} {[%emt 00:00:06]} 55. Ke4 {[%emt 00:00:45]}
Rxg3 {[%clk 00:00:59]} {[%emt 00:00:15]} 56. Kf5 {[%emt 00:00:27]} Rf3+ {[%clk
00:00:38]} {[%emt 00:00:25]} 57. Kg6 {[%emt 00:00:13]} 1-0

[Event "Campionat de Catalunya 2021 Sub16-20"]
[Site "Salou, Spain"]
[Date "2021.03.27"]
[Round "1.2"]
[White "Martos Amiguet, Valentina"]
[Black "Martin Barcelo, Carles"]
[Result "0-1"]
[WhiteFideId "24509698"]
[BlackFideId "24561444"]
[WhiteElo "1749"]
[BlackElo "2258"]

1. d4 {[%clk 01:30:56]} {[%emt 00:00:03]} Nf6 {[%clk 01:30:52]} {[%emt
00:00:09]} 2. Nf3 {[%clk 01:31:13]} {[%emt 00:00:13]} g6 {[%clk 01:30:57]}
{[%emt 00:00:25]} 3. Bf4 {[%clk 01:31:25]} {[%emt 00:00:17]} Bg7 {[%clk
01:31:04]} {[%emt 00:00:23]} 4. h3 {[%clk 01:31:34]} {[%emt 00:00:21]} O-O
{[%clk 01:31:18]} {[%emt 00:00:17]} 5. e3 {[%clk 01:31:32]} {[%emt 00:00:31]}
d6 {[%clk 01:31:26]} {[%emt 00:00:23]} 6. Be2 {[%clk 01:31:34]} {[%emt
00:00:28]} Nc6 {[%clk 01:31:07]} {[%emt 00:00:49]} 7. O-O {[%clk 01:31:17]}
{[%emt 00:00:47]} e5 {[%clk 01:30:39]} {[%emt 00:00:58]} 8. Bh2 {[%clk
01:24:31]} {[%emt 00:07:15]} Qe7 {[%clk 01:29:16]} {[%emt 00:01:53]} 9. c3
{[%clk 01:24:06]} {[%emt 00:00:56]} Nd7 {[%clk 01:24:25]} {[%emt 00:05:20]} 10.
Re1 {[%clk 01:22:33]} {[%emt 00:02:02]} f5 {[%clk 01:23:00]} {[%emt 00:01:56]}
11. Bc4+ {[%clk 01:18:34]} {[%emt 00:04:28]} Kh8 {[%clk 01:23:20]} {[%emt
00:00:11]} 12. a4 {[%clk 01:12:38]} {[%emt 00:06:26]} e4 {[%clk 01:19:22]}
{[%emt 00:04:28]} 13. Nfd2 {[%clk 01:12:33]} {[%emt 00:00:34]} Nf6 {[%clk
01:19:26]} {[%emt 00:00:26]} 14. Na3 {[%clk 01:07:14]} {[%emt 00:05:50]} g5
{[%clk 01:18:40]} {[%emt 00:01:16]} 15. Be2 {[%clk 00:56:14]} {[%emt 00:11:29]}
Bh6 {[%clk 01:10:57]} {[%emt 00:08:14]} 16. c4 {[%clk 00:53:11]} {[%emt
00:03:33]} f4 {[%clk 01:05:54]} {[%emt 00:05:32]} 17. c5 {[%clk 00:49:20]}
{[%emt 00:04:22]} d5 {[%clk 00:47:55]} {[%emt 00:18:28]} 18. Nb5 {[%clk
00:46:30]} {[%emt 00:03:20]} Be6 {[%clk 00:42:22]} {[%emt 00:06:03]} 19. a5
{[%clk 00:40:34]} {[%emt 00:06:26]} a6 {[%clk 00:39:42]} {[%emt 00:03:10]} 20.
Nc3 {[%clk 00:40:45]} {[%emt 00:00:19]} Rg8 {[%clk 00:32:20]} {[%emt 00:07:53]}
21. Kh1 {[%clk 00:37:50]} {[%emt 00:03:25]} fxe3 {[%clk 00:28:36]} {[%emt
00:04:15]} 22. fxe3 {[%clk 00:37:07]} {[%emt 00:01:12]} g4 {[%clk 00:28:58]}
{[%emt 00:00:08]} 23. hxg4 {[%clk 00:22:02]} {[%emt 00:15:34]} Bxe3 {[%emt
00:03:05]} 24. Ra3 {[%clk 00:13:00]} {[%emt 00:07:45]} Bxd4 {[%clk 00:26:27]}
{[%emt 00:02:15]} 25. Nb3 {[%clk 00:08:24]} {[%emt 00:05:05]} Be5 {[%clk
00:26:22]} {[%emt 00:00:35]} 26. Bxe5 {[%clk 00:05:11]} {[%emt 00:03:43]} Nxe5
{[%clk 00:26:46]} {[%emt 00:00:06]} 27. Qd4 {[%clk 00:04:27]} {[%emt 00:01:15]}
Nc6 {[%clk 00:26:42]} {[%emt 00:00:34]} 28. Qd1 {[%clk 00:03:05]} {[%emt
00:01:52]} Raf8 {[%clk 00:19:10]} {[%emt 00:08:02]} 29. Nd4 {[%clk 00:02:46]}
{[%emt 00:00:49]} Nxg4 {[%clk 00:19:10]} {[%emt 00:00:30]} 30. Bxg4 {[%clk
00:02:22]} {[%emt 00:00:54]} Qh4+ {[%clk 00:19:27]} {[%emt 00:00:13]} 31. Kg1
{[%clk 00:02:23]} {[%emt 00:00:30]} Qf2+ {[%clk 00:19:38]} {[%emt 00:00:19]} 32.
Kh1 {[%clk 00:02:25]} {[%emt 00:00:28]} Rxg4 {[%clk 00:19:57]} {[%emt
00:00:11]} 0-1

[Event "Campionat de Catalunya 2021 Sub16-20"]
[Site "Salou, Spain"]
[Date "2021.03.27"]
[Round "1.3"]
[White "Alvarez Albiol, Victor"]
[Black "De Lomas Busquets, Alba"]
[Result "1-0"]
[WhiteFideId "32065930"]
[BlackFideId "24585289"]
[WhiteElo "2246"]
[BlackElo "1741"]

1. e4 {[%emt 00:00:14]} c5 {[%emt 00:00:10]} 2. Nf3 {[%emt 00:00:22]} d6 {[%emt
00:00:03]} 3. Bb5+ {[%emt 00:00:09]} Nd7 {[%emt 00:00:33]} 4. O-O {[%emt
00:00:24]} a6 {[%emt 00:00:11]} 5. Bd3 {[%emt 00:00:31]} b5 {[%emt 00:00:06]} 6.
c3 {[%emt 00:01:11]} Bb7 {[%emt 00:00:17]} 7. Re1 {[%emt 00:01:31]} c4 {[%emt
00:00:19]} 8. Bc2 {[%emt 00:02:00]} Ngf6 {[%emt 00:02:25]} 9. b4 {[%emt
00:03:02]} e6 {[%emt 00:00:15]} 10. a4 {[%emt 00:02:30]} Be7 {[%emt 00:04:32]}
11. d3 {[%emt 00:04:07]} cxd3 {[%emt 00:08:20]} 12. Qxd3 {[%emt 00:02:13]} bxa4
{[%emt 00:02:05]} 13. Rxa4 {[%emt 00:07:52]} Qc7 {[%emt 00:06:46]} 14. Ra5
{[%emt 00:04:13]} e5 {[%emt 00:04:27]} 15. Qe2 {[%emt 00:04:48]} O-O {[%emt
00:02:20]} 16. Bd3 {[%emt 00:01:38]} Qc8 {[%emt 00:10:40]} 17. Qa2 {[%emt
00:05:40]} h6 {[%emt 00:01:41]} 18. Bd2 {[%emt 00:01:50]} Bd8 {[%emt 00:00:43]}
19. Ra3 {[%emt 00:06:22]} Re8 {[%emt 00:02:52]} 20. c4 {[%emt 00:03:23]} a5
{[%emt 00:12:31]} 21. bxa5 {[%emt 00:00:28]} Nc5 {[%emt 00:01:04]} 22. Qc2
{[%emt 00:03:00]} Qc6 {[%emt 00:02:27]} 23. Nc3 {[%emt 00:05:42]} Rxa5 {[%emt
00:02:16]} 24. Rxa5 {[%emt 00:00:17]} Bxa5 {[%emt 00:01:13]} 25. Nd5 {[%emt
00:03:18]} Bd8 {[%emt 00:02:09]} 26. Nh4 {[%emt 00:06:14]} Bc8 {[%emt
00:05:32]} 27. Be3 {[%emt 00:04:45]} Be6 {[%emt 00:05:38]} 28. Rd1 {[%emt
00:00:18]} Ng4 {[%emt 00:01:52]} 29. Nf5 {[%emt 00:03:28]} Nxe3 {[%emt
00:00:50]} 30. Nfxe3 {[%emt 00:03:41]} Qa4 {[%emt 00:02:48]} 31. Rb1 {[%emt
00:03:11]} Qxc2 {[%emt 00:00:07]} 32. Bxc2 {[%emt 00:03:09]} Bxd5 {[%emt
00:01:05]} 33. cxd5 {[%emt 00:01:21]} Be7 {[%emt 00:03:04]} 34. g3 {[%emt
00:02:42]} g6 {[%emt 00:00:12]} 35. h4 {[%emt 00:01:47]} Rc8 {[%emt 00:00:57]}
36. Kg2 {[%emt 00:01:41]} Bd8 {[%emt 00:01:55]} 37. Rb2 {[%emt 00:01:41]} Bc7
{[%emt 00:03:26]} 38. h5 {[%emt 00:01:08]} Rb8 {[%emt 00:01:20]} 39. Ra2 {[%emt
00:00:48]} Rb4 {[%emt 00:01:07]} 40. hxg6 {[%emt 00:00:24]} fxg6 {[%emt
00:02:22]} 41. Kf3 {[%emt 00:01:33]} Kg7 {[%emt 00:00:29]} 42. Ra7 {[%emt
00:00:05]} Rb7 {[%emt 00:00:45]} 43. Ra8 {[%emt 00:00:07]} Rb8 {[%emt
00:00:28]} 44. Ra3 {[%emt 00:00:36]} Rb4 {[%emt 00:00:28]} 45. Rc3 {[%emt
00:01:41]} Kf6 {[%emt 00:00:03]} 46. Ng4+ {[%emt 00:00:37]} Kg7 {[%emt
00:00:16]} 47. Nxe5 {[%emt 00:03:57]} Bb6 {[%emt 00:02:35]} 48. Nc4 {[%emt
00:00:52]} Bc7 {[%emt 00:00:32]} 49. Ke2 {[%emt 00:00:43]} Rb7 {[%emt
00:00:41]} 50. f4 {[%emt 00:00:26]} Bb8 {[%emt 00:01:26]} 51. e5 {[%emt
00:00:46]} dxe5 {[%emt 00:00:03]} 52. fxe5 {[%emt 00:00:34]} Re7 {[%emt
00:02:13]} 53. e6 {[%emt 00:00:31]} Nxe6 {[%emt 00:00:22]} 54. dxe6 {[%emt
00:00:09]} Rxe6+ {[%emt 00:00:35]} 55. Kf3 {[%emt 00:00:30]} Rc6 {[%emt
00:00:20]} 56. Bd3 {[%emt 00:00:40]} Rf6+ {[%emt 00:00:30]} 57. Kg2 {[%emt
00:00:47]} h5 {[%emt 00:00:18]} 58. Rb3 {[%emt 00:00:49]} Bd6 {[%emt 00:00:29]}
59. Rb7+ {[%emt 00:00:13]} Kh6 {[%emt 00:01:20]} 60. Rd7 {[%emt 00:00:34]} Bc5
{[%emt 00:00:31]} 61. Ne5 {[%emt 00:00:31]} Rf2+ {[%emt 00:00:33]} 62. Kh3
{[%emt 00:00:37]} h4 {[%emt 00:00:44]} 63. Ng4+ {[%emt 00:00:29]} Kg5 {[%emt
00:00:48]} 64. gxh4+ {[%emt 00:00:27]} Kf4 {[%emt 00:00:10]} 65. Rf7# {[%emt
00:00:16]} 1-0

[Event "Campionat de Catalunya 2021 Sub16-20"]
[Site "Salou, Spain"]
[Date "2021.03.27"]
[Round "1.4"]
[White "Garcia Ramos, Anais"]
[Black "Castillo Dalmau, Albert"]
[Result "0-1"]
[BlackTitle "FM"]
[WhiteFideId "32086776"]
[BlackFideId "32009925"]
[WhiteElo "1732"]
[BlackElo "2206"]

1. e4 {[%clk 01:30:57]} {[%emt 00:00:25]} g6 {[%emt 00:00:17]} 2. Nc3 {[%clk
01:31:11]} {[%emt 00:00:05]} Bg7 {[%emt 00:00:10]} 3. d3 {[%clk 01:31:20]}
{[%emt 00:00:16]} c5 {[%clk 01:29:25]} {[%emt 00:03:01]} 4. Be3 d6 {[%emt
00:03:35]} 5. g3 {[%emt 00:00:08]} Nc6 {[%clk 01:29:48]} 6. Bg2 {[%emt
00:07:08]} e5 {[%emt 00:02:59]} 7. Nge2 {[%clk 01:25:55]} {[%emt 00:00:14]}
Nge7 {[%emt 00:01:04]} 8. O-O {[%clk 01:25:11]} {[%emt 00:00:25]} Be6 {[%emt
00:04:06]} 9. h3 {[%clk 01:19:30]} {[%emt 00:02:14]} Qd7 {[%emt 00:00:19]} 10.
Kh2 {[%emt 00:05:17]} O-O {[%emt 00:03:43]} 11. f4 {[%clk 01:15:52]} {[%emt
00:00:25]} Nd4 {[%clk 01:20:01]} {[%emt 00:07:04]} 12. g4 exf4 {[%emt
00:06:28]} 13. Nxf4 {[%clk 01:02:05]} {[%emt 00:02:21]} b5 {[%clk 01:17:17]}
{[%emt 00:06:01]} 14. Qd2 b4 {[%clk 00:48:54]} {[%emt 00:04:47]} 15. Nd1 Rab8
{[%emt 00:32:16]} 16. c3 {[%clk 00:50:37]} {[%emt 00:02:31]} 0-1

[Event "Campionat de Catalunya 2021 Sub16-20"]
[Site "Salou, Spain"]
[Date "2021.03.27"]
[Round "1.5"]
[White "De Lomas Busquets, Alex"]
[Black "Bernado Lopez, Roger"]
[Result "0-1"]
[WhiteFideId "24539929"]
[BlackFideId "24585009"]
[WhiteElo "1530"]
[BlackElo "2139"]

1. d4 {[%emt 00:00:14]} g6 {[%emt 00:00:25]} 2. c4 {[%emt 00:00:10]} Bg7 {[%emt
00:01:59]} 3. Nc3 {[%emt 00:00:03]} d6 {[%emt 00:01:22]} 4. e4 {[%emt
00:00:02]} Nf6 {[%emt 00:01:23]} 5. f4 {[%emt 00:00:19]} c5 {[%emt 00:00:53]} 6.
d5 {[%emt 00:00:20]} O-O {[%emt 00:00:50]} 7. Bd3 {[%emt 00:00:53]} e6 {[%emt
00:01:05]} 8. dxe6 fxe6 9. Nf3 {[%emt 00:00:17]} Nc6 {[%emt 00:01:08]} 10. O-O
{[%emt 00:00:37]} Nd4 {[%emt 00:07:02]} 11. Nxd4 {[%emt 00:00:15]} cxd4 {[%emt
00:10:50]} 12. Nb5 {[%emt 00:00:09]} e5 {[%emt 00:03:32]} 13. f5 {[%emt
00:02:17]} gxf5 {[%emt 00:04:56]} 14. Bg5 {[%emt 00:05:22]} a6 {[%emt
00:00:11]} 15. Na3 {[%emt 00:18:04]} Qb6 {[%emt 00:03:12]} 16. Rb1 {[%emt
00:06:24]} Nxe4 {[%emt 00:02:07]} 17. Bxe4 {[%emt 00:00:08]} fxe4 {[%emt
00:00:04]} 18. Rxf8+ {[%emt 00:01:55]} Bxf8 {[%emt 00:01:37]} 19. Qh5 {[%emt
00:03:53]} Bf5 {[%emt 00:03:46]} 20. Rf1 {[%emt 00:00:32]} Bg6 {[%emt
00:01:24]} 21. Qh3 {[%emt 00:03:02]} Re8 {[%emt 00:07:13]} 22. c5 {[%emt
00:04:16]} dxc5 {[%emt 00:02:59]} 23. Qd7 {[%emt 00:07:45]} Bg7 {[%emt
00:02:24]} 24. Qd5+ {[%emt 00:01:45]} Qe6 {[%emt 00:03:22]} 25. Qxc5 {[%emt
00:01:05]} e3 {[%emt 00:03:55]} 26. Bxe3 {[%emt 00:00:30]} dxe3 {[%emt
00:00:09]} 27. Qxe3 {[%emt 00:01:21]} Qd5 {[%emt 00:00:24]} 28. Qg3 {[%emt
00:01:47]} Qd4+ {[%emt 00:00:09]} 29. Kh1 {[%emt 00:01:16]} Qxb2 {[%emt
00:00:52]} 30. h3 {[%emt 00:01:42]} e4 {[%emt 00:01:55]} 31. Nc4 {[%emt
00:00:07]} Qxa2 {[%emt 00:01:35]} 32. Ne3 {[%emt 00:02:11]} Rf8 {[%emt
00:00:56]} 33. Rd1 {[%emt 00:01:28]} Qf2 {[%emt 00:00:05]} 34. Qg5 {[%emt
00:00:57]} Qf4 {[%emt 00:00:43]} 35. Qd5+ {[%emt 00:02:09]} Qf7 {[%emt
00:01:28]} 36. Qc5 {[%emt 00:02:15]} Qb3 {[%emt 00:01:34]} 37. Rd7 {[%emt
00:05:01]} Qb1+ {[%emt 00:01:16]} 38. Kh2 {[%emt 00:00:57]} Qb5 {[%emt
00:01:32]} 39. Rxg7+ {[%emt 00:01:36]} Kxg7 {[%emt 00:00:15]} 40. Qc7+ {[%emt
00:00:17]} Kg8 {[%emt 00:01:26]} 41. Ng4 {[%emt 00:02:33]} Qg5 {[%emt
00:00:19]} 42. Qc4+ {[%emt 00:00:29]} Bf7 {[%emt 00:00:10]} 43. Qd4 {[%emt
00:01:07]} Be6 {[%emt 00:03:51]} 44. Qc3 {[%emt 00:00:10]} Bxg4 {[%emt
00:00:23]} 45. Qc4+ {[%emt 00:00:42]} Kh8 {[%emt 00:00:06]} 46. hxg4 {[%emt
00:00:31]} Qf4+ {[%emt 00:00:39]} 47. Kh3 {[%emt 00:00:29]} Qh6+ {[%emt
00:01:23]} 48. Kg3 {[%emt 00:00:20]} Qg7 {[%emt 00:00:36]} 49. Qxe4 {[%emt
00:00:05]} Rg8 {[%emt 00:00:09]} 50. Kh2 {[%emt 00:00:18]} Qxg4 {[%emt
00:00:06]} 51. Qe5+ {[%emt 00:00:14]} Qg7 {[%emt 00:00:02]} 52. Qe4 {[%emt
00:00:19]} Qxg2+ {[%emt 00:00:06]} 0-1

[Event "Campionat de Catalunya 2021 Sub16-20"]
[Site "Salou, Spain"]
[Date "2021.03.27"]
[Round "1.6"]
[White "Travesset Sagre, Jan"]
[Black "Royo Prat, Ramon"]
[Result "1-0"]
[WhiteFideId "24538701"]
[BlackFideId "54705304"]
[WhiteElo "2129"]
[BlackElo "1526"]

1. Nf3 {[%emt 00:00:50]} Nf6 {[%emt 00:00:05]} 2. c4 {[%emt 00:01:01]} e6
{[%emt 00:00:09]} 3. g3 {[%emt 00:01:09]} Be7 {[%emt 00:00:16]} 4. Bg2 {[%emt
00:00:11]} O-O {[%emt 00:00:20]} 5. O-O {[%emt 00:01:30]} d5 {[%emt 00:00:01]}
6. d4 {[%emt 00:01:33]} Nbd7 {[%emt 00:03:12]} 7. Nbd2 {[%emt 00:01:42]} b6
{[%emt 00:04:43]} 8. b3 {[%emt 00:01:14]} Bb7 {[%emt 00:00:03]} 9. Bb2 {[%emt
00:04:43]} Rc8 {[%emt 00:04:22]} 10. Ne5 {[%emt 00:03:00]} Nxe5 {[%emt
00:00:07]} 11. dxe5 {[%emt 00:00:13]} Nd7 {[%emt 00:02:03]} 12. cxd5 {[%emt
00:03:32]} exd5 {[%emt 00:01:41]} 13. e4 {[%emt 00:02:53]} dxe4 {[%emt
00:00:13]} 14. Nxe4 {[%emt 00:00:39]} Ba6 {[%emt 00:16:20]} 15. e6 {[%emt
00:08:38]} Nc5 {[%emt 00:00:18]} 16. exf7+ {[%emt 00:01:41]} Rxf7 {[%emt
00:00:27]} 17. Nxc5 {[%emt 00:00:35]} Bxf1 {[%emt 00:07:29]} 18. Bd5 {[%emt
00:04:25]} Bxc5 {[%emt 00:07:31]} 19. Qf3 {[%emt 00:06:28]} Qd7 {[%emt
00:00:58]} 20. Rxf1 {[%emt 00:01:21]} Kf8 {[%emt 00:01:20]} 21. Bxf7 {[%emt
00:00:03]} Qxf7 {[%emt 00:00:09]} 22. Bxg7+ {[%emt 00:02:49]} Kg8 {[%emt
00:00:11]} 23. Qg4 {[%emt 00:01:05]} h5 {[%emt 00:04:22]} 24. Qxc8+ {[%emt
00:00:06]} Kxg7 {[%emt 00:00:10]} 25. Qd8 {[%emt 00:01:05]} Kg6 {[%emt
00:06:32]} 26. Kg2 {[%emt 00:00:26]} Kf5 {[%emt 00:01:40]} 1-0

[Event "Campionat de Catalunya 2021 Sub16-20"]
[Site "Salou, Spain"]
[Date "2021.03.27"]
[Round "1.7"]
[White "Broadbent Brun, Jensen"]
[Black "Alcala Gonzalez, Cesar"]
[Result "0-1"]
[WhiteFideId "54517583"]
[BlackFideId "24584878"]
[WhiteElo "1512"]
[BlackElo "2110"]

1. e4 {[%emt 00:00:42]} c6 {[%emt 00:00:24]} 2. Ne2 {[%emt 00:00:23]} d5 {[%clk
01:30:47]} 3. e5 {[%emt 00:00:19]} c5 {[%emt 00:02:04]} 4. d4 {[%emt 00:00:50]}
Nc6 {[%emt 00:00:57]} 5. c3 {[%emt 00:00:05]} Bg4 {[%emt 00:01:42]} 6. h3
{[%clk 01:28:48]} {[%emt 00:03:29]} Bxe2 7. Bxe2 {[%emt 00:00:37]} e6 {[%emt
00:05:23]} 8. Na3 {[%emt 00:08:06]} cxd4 {[%emt 00:01:32]} 9. cxd4 {[%emt
00:17:06]} Qa5+ {[%emt 00:00:59]} 10. Bd2 {[%clk 01:20:58]} {[%emt 00:00:46]}
Bb4 11. Nb5 {[%emt 00:03:50]} Nge7 {[%emt 00:02:20]} 12. Nd6+ {[%emt 00:00:29]}
Kf8 {[%emt 00:08:01]} 13. Nxb7 {[%emt 00:01:13]} Bxd2+ {[%emt 00:00:38]} 14.
Qxd2 {[%clk 01:12:03]} {[%emt 00:00:06]} Qxd2+ {[%clk 01:00:59]} {[%emt
00:00:09]} 15. Kxd2 {[%emt 00:00:38]} Rb8 {[%emt 00:07:31]} 16. Ba6 {[%emt
00:08:21]} Nxd4 {[%emt 00:14:43]} 17. Rac1 {[%emt 00:06:26]} Nec6 {[%emt
00:07:35]} 18. Kc3 {[%emt 00:06:56]} Ke7 {[%emt 00:07:34]} 19. Rcd1 {[%clk
00:34:04]} {[%emt 00:04:04]} Ne2+ 20. Kd2 {[%emt 00:08:09]} Nf4 {[%emt
00:02:24]} 21. g3 {[%emt 00:03:56]} Nb4 {[%emt 00:01:33]} 22. gxf4 {[%clk
00:31:51]} {[%emt 00:00:05]} Nxa6 {[%emt 00:00:14]} 23. Nd6 {[%emt 00:01:49]}
Rxb2+ {[%emt 00:01:54]} 24. Ke3 {[%emt 00:01:28]} Rhb8 {[%emt 00:05:04]} 25.
Rc1 {[%clk 00:24:32]} {[%emt 00:01:14]} Rxa2 26. Rb1 {[%emt 00:07:48]} Ra3+
{[%clk 00:17:02]} {[%emt 00:01:54]} 27. Ke2 Rc3 {[%emt 00:06:52]} 28. Rxb8
{[%clk 00:21:11]} {[%emt 00:00:07]} Nxb8 {[%emt 00:00:19]} 29. Rg1 {[%clk
00:21:38]} {[%emt 00:01:04]} g6 30. Ra1 {[%emt 00:00:59]} a6 {[%emt 00:00:07]}
31. Rb1 {[%clk 00:21:58]} {[%emt 00:00:48]} Nd7 32. Rb7 {[%emt 00:01:50]} f6
{[%clk 00:15:27]} {[%emt 00:00:11]} 33. Ra7 {[%emt 00:00:11]} fxe5 {[%emt
00:00:13]} 34. fxe5 {[%emt 00:01:46]} Rxh3 {[%emt 00:00:58]} 35. f4 {[%emt
00:01:51]} g5 {[%clk 00:13:14]} {[%emt 00:00:07]} 36. Ra8 {[%clk 00:22:16]}
{[%emt 00:00:54]} Nc5 37. Ra7+ {[%clk 00:21:34]} {[%emt 00:01:05]} Kf8 38. Ra8+
{[%emt 00:01:46]} Kg7 {[%clk 00:12:58]} 39. fxg5 {[%clk 00:21:55]} {[%emt
00:00:55]} d4 40. Rc8 {[%emt 00:01:36]} d3+ {[%emt 00:00:16]} 41. Kd1 {[%emt
00:00:12]} Nb3 {[%emt 00:01:43]} 42. Ke1 {[%emt 00:00:08]} d2+ {[%clk
00:12:40]} 43. Kf2 {[%emt 00:00:14]} d1=Q {[%emt 00:01:05]} 0-1

[Event "Campionat de Catalunya 2021 Sub16-20"]
[Site "Salou, Spain"]
[Date "2021.03.27"]
[Round "1.8"]
[White "Jimenez Munoz, Nicolas"]
[Black "Pino Jacomet, Arnau"]
[Result "1-0"]
[WhiteFideId "32092172"]
[BlackFideId "54708303"]
[WhiteElo "2083"]
[BlackElo "1493"]

1. c4 {[%emt 00:00:16]} e6 {[%emt 00:00:47]} 2. e4 {[%emt 00:01:06]} c5 {[%emt
00:01:21]} 3. Nc3 {[%emt 00:00:23]} Nc6 {[%emt 00:02:39]} 4. g3 {[%emt
00:01:36]} Be7 {[%emt 00:00:24]} 5. Bg2 {[%emt 00:01:35]} e5 {[%emt 00:00:39]}
6. Nge2 {[%emt 00:02:13]} Bd6 {[%emt 00:00:32]} 7. O-O {[%emt 00:01:42]} Nge7
{[%emt 00:00:32]} 8. d3 {[%emt 00:01:34]} Bc7 {[%emt 00:00:59]} 9. f4 {[%emt
00:00:41]} d6 {[%emt 00:00:57]} 10. f5 {[%emt 00:00:56]} f6 {[%emt 00:01:24]}
11. Nd5 {[%emt 00:01:21]} Nd4 {[%emt 00:00:51]} 12. Nxd4 {[%emt 00:01:32]} exd4
{[%emt 00:01:26]} 13. Qh5+ {[%emt 00:02:46]} Kf8 {[%emt 00:03:10]} 14. Nxf6
{[%emt 00:04:15]} Nxf5 {[%emt 00:03:08]} 15. Ng4 {[%emt 00:02:46]} g6 {[%emt
00:00:30]} 16. Qh6+ {[%emt 00:00:43]} Kg8 {[%emt 00:00:21]} 17. exf5 {[%emt
00:00:34]} Bxf5 {[%emt 00:00:08]} 18. Bd5+ {[%emt 00:00:38]} 1-0